000 00448nam a2200193Ia 4500
005 20240823041401.0
008 240823s9999||||xx |||||||||||||| ||und||
020 _a978-81-237-2121-7
041 _aENGLISH
082 _A658.4 Q3
100 _aSunil K Pandya
245 0 _aHuman Behaviour
250 _a1st
260 _c2013
_bNational Book
500 _aYES
650 _aManagement
_bManagement Studies
942 _cBK
999 _c205375
_d205375